000 00672nam a2200265Ia 4500
005 20260121165120.0
008 008 260114s9999 xx 000 0 eng d
020 _a9781137587992
037 _aEBOOK
040 _aCRL
040 _beng
040 _cCRL
041 _2eng
041 _aeng
084 _qCRL
100 _aDavid Tittensor, Fethi Mansouri
_91047703
245 4 _aThe Politics of Women and Migration in the Global South
260 _bSpringer
260 _bSpringer
260 _c2017
856 _uhttps://link.springer.com/openurl?genre=book&isbn=978-1-137-58799-2
942 _cEBOOK
999 _c1613428
_d1613428